000
00317nam a22001457a 4500
008
230831b ||||| |||| 00| 0 eng d
020
_a
9780863161148
041
_a
eng
080
_a
101
082
_a
101OSB
100
_a
40
101
_a
FILO
245
_a
PHILOSOPHY FOR BEGINNERS
_c
OSBORNE.R
942
_2
udc
_c
BK
999
_c
60224
_d
60224